000 00812nam a2200265Ia 4500
003 OSt
005 20220924131703.0
006 a|||||r|||| 00| 0
007 ta
008 220923b |||||||| |||| 00| 0 hin d
024 _a230925
037 _cTextual
040 _aARTS
_cARTS
_bhin
041 _2hin
_ahin
082 _aR625x7,1, 152M2
100 _aBhattacharya Visvanatha Panchanan
245 0 _aKarikavali
260 _aVaranasi
_bSri Harikrishan Nibandh Bhavanam India
_c1982
300 _a155p.
_ccm.
490 _aSri jarikrishna nibhandha manimala, 5
650 _aNYAYA PHILOSOPHY
_910608
700 _a Shukla Ramagovinda Tr.
_9202622
942 _hR625x7,1, 152M2
_cTEXL
_2CC
999 _c427869
_d427869